Nombre Los 10 países con más lagos - Estadísticas

Estadísticas generales
  • Esta prueba ha sido intentada 104 veces
    96 desde el último reinicio
  • La puntuación promedio es 9 de 11
Estadísticas de respuestas
lagos Respuesta % Correcto
102,500 United states
99%
879,800 Canadá
95%
201,200 Rusia
95%
20,900 Brasil
90%
23,800 China
89%
22,600 Suecia
88%
La tierra de los mil lagos Finlandia
87%
20,000 Noruega
87%
13,600 Argentina
80%
11,400 Australia
76%
12,400 Kazajistán
56%
No se encontraron pruebas coincidentes
Distribución de puntuación
Porcentaje de gente con cada puntuación
Porcentaje por número respondido
Historial de tus puntuaciones
No has intentado esta prueba desde el último reinicio